|
|
|
|
| LEADER |
00000cam a2200000 7i4500 |
| 001 |
0000157630 |
| 005 |
20220920113846.0 |
| 006 |
g999 #d# ##### # ##v |
| 007 |
vd#cv i |
| 008 |
220920s2008 ii 001-d#9 # # vlhin |
| 040 |
|
|
|a MBPJ
|b eng
|c MBPJ
|e rda
|
| 041 |
0 |
|
|a hin
|
| 090 |
0 |
0 |
|a F
|b DIL
|
| 100 |
0 |
|
|a Anil Senior ,
|e director
|
| 245 |
1 |
0 |
|a Dil kabaddi [
|h digital video disc]
|c Anil Senior
|
| 264 |
|
0 |
|a [India] :
|b Viacom 18 Motion Pictures
|c 2008
|
| 300 |
|
|
|a 1 digital video disc (130 minutes) :
|b colour, sound ;
|c 12 cm.
|
| 336 |
|
|
|a two-dimensional moving image
|2 rdacontent
|
| 337 |
|
|
|a video
|2 rdamedia
|
| 338 |
|
|
|a videodisc
|2 rdacarrier
|
| 347 |
|
|
|a video file
|b DVD video
|2 rda
|
| 500 |
|
|
|a Library has 4 copies
|
| 511 |
0 |
|
|a Irrfan Khan, Rahul Bose, Rahul Khanna, Konkona Sen Sharma, Soha Ali Khan
|
| 521 |
|
|
|a Parental guidance is advisable for children below 13 years old (PG13)
|
| 546 |
|
|
|a Hindi with subtitles in English and Malay
|
| 650 |
0 |
0 |
|a Movies, Hindi
|
| 700 |
0 |
|
|a Irrfan Khan ,
|e actor
|
| 700 |
0 |
|
|a Konkona Sen Sharma ,
|e actress
|
| 700 |
0 |
|
|a Payal Rohatg ,
|e actress
|
| 700 |
0 |
|
|a Rahul Bose ,
|e actor
|
| 700 |
0 |
|
|a Rahul Khanna ,
|e actor
|
| 700 |
0 |
|
|a Soha Ali Khan ,
|e actress
|
| 999 |
|
|
|a AV 28517
|b DIGITAL VIDEO DISC
|c PINJAMAN
|e PERPUSTAKAAN KOMUNITI PETALING JAYA
|
| 999 |
|
|
|a AV 28518
|b DIGITAL VIDEO DISC
|c PINJAMAN
|e PERPUSTAKAAN KOMUNITI PETALING JAYA
|
| 999 |
|
|
|a AV 41878
|b DIGITAL VIDEO DISC
|c PINJAMAN
|e PERPUSTAKAAN KOMUNITI PETALING JAYA
|
| 999 |
|
|
|a AV 41879
|b DIGITAL VIDEO DISC
|c PINJAMAN
|e PERPUSTAKAAN KOMUNITI PETALING JAYA
|